[Event "ICS rated blitz match"]
[Site "204.178.125.65"]
[Date "1999.11.12"]
[Round "?"]
[White "Hossa"]
[Black "lambChop"]
[Result "0-1"]
[WhiteElo "2428"]
[BlackElo "2529"]
[PlyCount "112"]
[EventDate "1999.??.??"]

1. d4 d5 2. c4 e6 3. Nc3 Be7 4. Nf3 Nf6 5. Bg5 O-O 6. e3 h6 7. Bh4 Ne4 8. Bxe7
Qxe7 9. Bd3 Nxc3 10. bxc3 Nc6 11. O-O b6 12. e4 dxe4 13. Bxe4 Bb7 14. Qe2 f5
15. Bxc6 Bxc6 16. Ne5 Qe8 17. Rfe1 Rf6 18. Rad1 Rd8 19. Rd3 Be4 20. Re3 Rd6 21.
Qb2 a5 22. f3 Bc6 23. R3e2 Kh8 24. Qd2 Kg8 25. Qc1 Kh8 26. a3 Ba8 27. Qf4 Qa4
28. Rb1 Qxa3 29. c5 Rd8 30. cxb6 cxb6 31. Rc2 Rc8 32. Rxb6 Rxc3 33. Rb8+ Kh7
34. Re2 Rf8 35. Rxf8 Qxf8 36. Rb2 Qc8 37. Rb1 a4 38. Ra1 a3 39. Rb1 a2 40. Ra1
Rc2 41. Qe3 Rb2 42. Qd3 Qb8 43. Rf1 Rb1 44. Nd7 Rxf1+ 45. Qxf1 Qb1 46. Nf8+ Kg8
47. Ng6 Qxf1+ 48. Kxf1 a1=Q+ 49. Ke2 Qxd4 50. Kf1 ({-#11 Hiarcs 7.32:} 50. h4
50... Bb7 {-17.12/7}) 50... Bb7 51. Ke2 ({-19.45 Hiarcs 7.32:} 51. Nf4 51...
Qe3 52. Nd3 Qxd3+ 53. Kf2 f4 54. g3 Bxf3 55. h3 Qe3+ 56. Kf1 Be2+ 57. Kg2 Qxg3+
58. Kh1 Qe1+ 59. Kg2 Qf1+ 60. Kh2 Qf2+ 61. Kh1 61... Bf3# {-#11/7}) 51... Ba6+
52. Ke1 Bc4 53. Ne7+ Kf7 54. Nxf5 exf5 55. g4 Qe3+ 56. Kd1 56... Bb3# {
Hossa checkmated} 0-1

[Event "ICS rated blitz match"]
[Site "204.178.125.65"]
[Date "1999.11.12"]
[Round "?"]
[White "Skeletor"]
[Black "Hossa"]
[Result "1-0"]
[WhiteElo "2591"]
[BlackElo "2417"]
[PlyCount "139"]
[EventDate "1999.??.??"]

1. e4 d5 2. exd5 Qxd5 3. Nf3 Qe4+ 4. Be2 Qg6 5. O-O Bh3 6. Ne1 Nf6 7. Nc3 Nc6
8. Bf3 e5 9. Bxc6+ bxc6 10. Qe2 Bd6 11. d4 e4 12. f3 e3 13. Ne4 Nd7 14. Nxd6+
cxd6 15. Qxe3+ Be6 16. Qc3 Qf6 17. Be3 c5 18. Nd3 c4 19. Nf2 d5 20. Qb4 a5 21.
Qd6 Qd8 22. Rfe1 Qb8 23. Qa3 Qd8 24. b3 Rc8 25. f4 g6 26. bxc4 Rxc4 27. Rac1
Nf6 28. Bd2 a4 29. Bb4 Rxd4 30. Qxa4+ Qd7 31. Qa8+ Qd8 32. Qc6+ Qd7 33. Qb6 Rc4
34. Nd3 Qc8 35. Nc5 O-O 36. Nxe6 Nd7 37. Qa5 fxe6 38. Bxf8 Nxf8 39. Qd2 Ra4 40.
Ra1 Qc4 41. g3 Rxa2 42. Rxa2 Qxa2 43. Qe2 h6 44. Kf2 g5 45. fxg5 hxg5 46. h4
gxh4 47. gxh4 Qa7+ 48. Kg2 Qg7+ 49. Kh3 Qc3+ 50. Qe3 Qxc2 51. Rg1+ Ng6 52.
Qxe6+ Kh7 53. Qf7+ Kh6 54. h5 Qc3+ 55. Rg3 Qc8+ 56. Kh2 Qc2+ 57. Rg2 Qxg2+ 58.
Kxg2 Kxh5 59. Qxd5+ Kg4 60. Qe6+ Kg5 61. Kg3 Nf8 62. Qe7+ Kf5 63. Qxf8+ Ke6 64.
Qd8 Kf7 65. Qd7+ Kg6 66. Kg4 Kf6 67. Kf4 Kg6 68. Qe7 Kh6 69. Kf5 Kh5 70. Qh7# {
Hossa checkmated} 1-0

[Event "ICS rated blitz match"]
[Site "204.178.125.65"]
[Date "1999.11.12"]
[Round "?"]
[White "Hossa"]
[Black "Skeletor"]
[Result "1/2-1/2"]
[WhiteElo "2408"]
[BlackElo "2600"]
[PlyCount "135"]
[EventDate "1999.??.??"]

1. e4 e5 2. Nf3 Nf6 3. Nxe5 d6 4. Nf3 Nxe4 5. d4 d5 6. Bd3 Bd6 7. O-O O-O 8. c4
c6 9. cxd5 cxd5 10. Nc3 Nxc3 11. bxc3 Bg4 12. Re1 Re8 13. Rxe8+ Qxe8 14. Bd2
Qd7 15. h3 Bf5 16. Qc2 Bxd3 17. Qxd3 h6 18. c4 dxc4 19. Qxc4 Nc6 20. Qb5 a6 21.
Qh5 Re8 22. Rb1 Re4 23. Re1 Rxe1+ 24. Bxe1 Ne7 25. Bd2 Qe6 26. Qa5 Nc6 27. d5
Nxa5 28. dxe6 Nc4 29. exf7+ Kxf7 30. h4 Nxd2 31. Nxd2 Ke6 32. h5 Bf4 33. Nf3 b6
34. Kf1 Kf5 35. a4 Ke4 36. Ne1 b5 37. axb5 axb5 38. Ke2 b4 39. g3 Bd6 40. Nd3
b3 41. Kd2 Be7 42. f4 Kd4 43. g4 Ba3 44. Ne5 Bb4+ 45. Kc1 Bd6 46. Ng6 Kc3 47.
Ne5 Bc5 48. Ng6 Be3+ 49. Kb1 Bd4 50. Nf8 Kc4 51. g5 Kd5 52. gxh6 gxh6 53. Kc1
Bc5 54. Ng6 Kc4 55. f5 Bd4 56. Ne7 Kd3 57. Ng8 Ke4 58. Nxh6 Kf4 59. Kd2 Kg5 60.
Ng8 Kxh5 61. Kd3 Kg5 62. f6 Kg6 63. Ne7+ Kf7 64. Nc6 b2 65. Kc2 Bxf6 66. Na5
Bc3 67. Nc4 Ke6 68. Nxb2 {Game drawn because neither player has mating material
} 1/2-1/2

[Event "ICS rated blitz match"]
[Site "204.178.125.65"]
[Date "1999.11.12"]
[Round "?"]
[White "lambChop"]
[Black "Hossa"]
[Result "1-0"]
[WhiteElo "2540"]
[BlackElo "2416"]
[PlyCount "149"]
[EventDate "1999.??.??"]

1. e4 e5 2. Nf3 Nc6 3. Bb5 a6 4. Ba4 Nf6 5. O-O Nxe4 6. d4 b5 7. Bb3 d5 8. dxe5
Be6 9. Be3 Be7 10. a4 Na5 11. Nbd2 Nxd2 12. Nxd2 d4 13. Bxe6 fxe6 14. Bf4 O-O
15. axb5 axb5 16. Qg4 Qd5 17. Bh6 Rf7 18. Nf3 c5 19. b4 Nc4 20. Rxa8+ Qxa8 21.
Bg5 Qd5 22. Bxe7 Rxe7 23. Qh4 Rd7 24. bxc5 Qxc5 25. Qh3 Re7 26. Rd1 Nxe5 27.
Nxd4 Qd5 28. Qh5 Nc4 29. Qxd5 exd5 30. Nxb5 Re2 31. Nd4 Re7 32. g3 Kf7 33. Rb1
Re4 34. c3 Kg6 35. Rb5 Re1+ 36. Kg2 Re5 37. Nc6 Re2 38. Kf1 Rd2 39. Rxd5 Rc2
40. Ke1 h5 41. Rd4 Na3 42. c4 Rc1+ 43. Ke2 Rc2+ 44. Kf1 Nb1 45. Kg2 Nd2 46. Rf4
Kh6 47. Ne5 g5 48. Rf6+ Kh7 49. Rf5 Kh6 50. c5 g4 51. h3 gxh3+ 52. Kxh3 Ne4 53.
c6 Nxf2+ 54. Kh4 Ne4 55. Rxh5+ Kg7 56. Rf5 Rh2+ 57. Kg4 Nf6+ 58. Kf3 Rb2 59. g4
Rb3+ 60. Ke2 Ne4 61. Rf7+ Kg8 62. c7 Nd6 63. Rd7 Nc8 64. Rd8+ Kg7 65. Rxc8 Rb2+
66. Kd3 Rb3+ 67. Kd4 Rb4+ 68. Kc5 Rb1 69. Rg8+ Kh7 70. c8=Q Rc1+ 71. Nc4 Re1
72. Rh8+ Kg6 73. Qf5+ Kg7 74. Rh7+ Kg8 75. Qf7# {Hossa checkmated} 1-0

[Event "ICS rated blitz match"]
[Site "204.178.125.65"]
[Date "1999.11.12"]
[Round "?"]
[White "Hossa"]
[Black "lambChop"]
[Result "0-1"]
[WhiteElo "2405"]
[BlackElo "2551"]
[PlyCount "110"]
[EventDate "1999.??.??"]

1. e4 Nc6 2. d4 d5 3. Nc3 dxe4 4. Bb5 Bd7 5. d5 Nb8 6. Bc4 Nf6 7. Bg5 Bf5 8.
Nge2 Qd6 9. Ng3 g6 10. Nxf5 gxf5 11. O-O Rg8 12. Bh4 Nbd7 13. Nb5 Qc5 14. Qd4
Qxd4 15. Nxd4 f4 16. Nb5 Kd8 17. d6 exd6 18. Bxf7 Rg7 19. Be6 Be7 20. Rae1 Nc5
21. Bf5 Nd5 22. Bxe7+ Rxe7 23. Nd4 c6 24. Re2 a5 25. Rfe1 Nf6 26. Kf1 Ra6 27.
g3 Rb6 28. c3 Nd3 29. Rb1 Re5 30. g4 c5 31. Ne6+ Ke7 32. Nc7 f3 33. Rd2 c4 34.
Na8 Ra6 35. Nc7 Rc6 36. Na8 h5 37. h3 Nd5 38. b3 e3 39. fxe3 Nxe3+ 40. Kg1 Nxf5
41. bxc4 Re2 42. Rxe2+ fxe2 43. gxf5 e1=Q+ 44. Rxe1+ Nxe1 45. Kf2 Nd3+ 46. Ke2
Nc5 47. Kf3 Nd7 48. Kf4 Rxc4+ 49. Kg5 Rc8 50. Kxh5 Kf6 51. Kg4 Rxc3 52. a4 Ne5+
53. Kh4 Kxf5 54. Nc7 Ng6+ 55. Kh5 55... Rxh3# {Hossa checkmated} 0-1

[Event "ICS rated standard match"]
[Site "204.178.125.65"]
[Date "1999.11.12"]
[Round "?"]
[White "MaxwellGreen"]
[Black "Hossa"]
[Result "0-1"]
[WhiteElo "2153"]
[BlackElo "2365"]
[PlyCount "64"]
[EventDate "1999.??.??"]

1. d4 d5 2. c4 e6 3. Nc3 Be7 4. cxd5 exd5 5. Bf4 Nf6 6. Qc2 O-O 7. e3 c5 8.
dxc5 Bxc5 9. O-O-O Be6 10. Nxd5 Nxd5 11. Qxc5 Nd7 12. Qa3 Nxf4 13. exf4 Qc7+
14. Kb1 Rac8 15. Bd3 Qxf4 16. Nf3 Bg4 17. Rhe1 Bxf3 18. gxf3 Nc5 19. Bc2 Rc7
20. Qe3 Qh4 21. f4 Qh6 22. Qe5 Qb6 23. Rd6 Rc6 24. Rxc6 Qxc6 25. Qd4 b6 26. Re7
Qh1+ 27. Qd1 Qxh2 28. b4 Ne6 29. f5 Qh4 30. Qd6 Nd4 31. Bd3 Qxf2 32. Qxd4 32...
Qxd4 {MaxwellGreen resigns} 0-1

[Event "ICS rated blitz match"]
[Site "204.178.125.65"]
[Date "1999.11.12"]
[Round "?"]
[White "sixtyfifth"]
[Black "Hossa"]
[Result "0-1"]
[WhiteElo "2051"]
[BlackElo "2395"]
[PlyCount "56"]
[EventDate "1999.??.??"]

1. e4 e5 2. Nf3 Nf6 3. Nc3 Bb4 4. Bc4 d6 5. d3 Bxc3+ 6. bxc3 O-O 7. O-O Be6 8.
Bb3 Bxb3 9. axb3 Nbd7 10. c4 c6 11. h3 d5 12. cxd5 cxd5 13. exd5 Nxd5 14. Bb2
Re8 15. Re1 Qc7 16. d4 e4 17. Nd2 e3 18. Nf3 exf2+ 19. Kxf2 Rxe1 20. Nxe1 N7f6
21. Kg1 Nf4 22. Qf3 Re8 23. g3 Nxh3+ 24. Kh2 Ng5 25. Qf4 Re2+ 26. Kg1 Nh3+ 27.
Kf1 Nxf4 28. gxf4 28... Rd2 {sixtyfifth resigns} 0-1

[Event "ICS rated blitz match"]
[Site "204.178.125.65"]
[Date "1999.11.12"]
[Round "?"]
[White "Hossa"]
[Black "Varguz"]
[Result "0-1"]
[WhiteElo "2433"]
[BlackElo "2853"]
[PlyCount "144"]
[EventDate "1999.??.??"]

1. e4 c5 2. c3 d5 3. exd5 Qxd5 4. d4 Nc6 5. Nf3 Nf6 6. Be2 e6 7. O-O cxd4 8.
cxd4 Be7 9. Nc3 Qd6 10. Be3 O-O 11. Rc1 b6 12. Nb5 Qd7 13. Ne5 Nxe5 14. Rc7 Qd8
15. dxe5 Nd5 16. Rxa7 Rxa7 17. Nxa7 Bb7 18. Nb5 Nxe3 19. fxe3 Bc5 20. Qxd8
Bxe3+ 21. Kh1 Rxd8 22. Nd6 Bd5 23. Nxf7 Ra8 24. a3 Bd4 25. Nd6 Rb8 26. Bb5 Bxe5
27. Nc4 Bd4 28. Rd1 Rf8 29. h3 Rf4 30. b4 Rh4 31. Rd3 Re4 32. Rd1 Kf8 33. Rf1+
Ke7 34. Rd1 Rf4 35. Rd3 e5 36. Nd2 Kd6 37. a4 Ke6 38. Nf3 Bb2 39. Ng5+ Kd6 40.
Nxh7 Rxb4 41. Ng5 e4 42. Rd1 Bf6 43. Nf7+ Ke6 44. Nh8 g5 45. Ng6 e3 46. Nf8+
Kd6 47. Nd7 Bd4 48. Nb8 Rxb5 49. axb5 e2 50. Re1 Bc4 51. Nc6 Bf2 52. Rb1 Bb3
53. Nb4 Bd1 54. Nd3 Bc2 55. g3 Bxb1 56. Kg2 Bxg3 57. Kxg3 Bxd3 58. Kf2 e1=Q+
59. Kxe1 Bxb5 60. Kf2 Bd7 61. Kf1 Bxh3+ 62. Kf2 g4 63. Kg3 b5 64. Kf4 b4 65.
Kg3 b3 66. Kf4 b2 67. Ke3 g3 68. Ke2 g2 69. Kd2 g1=Q 70. Ke2 Be6 71. Kf3 b1=Q
72. Kf4 72... Qf5# {Hossa checkmated} 0-1

[Event "ICS rated blitz match"]
[Site "204.178.125.65"]
[Date "1999.11.12"]
[Round "?"]
[White "Varguz"]
[Black "Hossa"]
[Result "1-0"]
[WhiteElo "2856"]
[BlackElo "2430"]
[PlyCount "123"]
[EventDate "1999.??.??"]

1. d4 d5 2. Nf3 Nf6 3. Bf4 Nh5 4. Bd2 Bf5 5. e3 e6 6. Bd3 Bxd3 7. cxd3 c5 8.
O-O cxd4 9. Nxd4 Nf6 10. Qb3 b6 11. Rc1 Bc5 12. Nb5 a6 13. d4 Nbd7 14. dxc5
Nxc5 15. Qb4 axb5 16. Qxb5+ Nfd7 17. Nc3 O-O 18. b4 Nb7 19. Qc6 Qc8 20. Nb5
Qxc6 21. Rxc6 Rfc8 22. Rxc8+ Rxc8 23. a4 Rc2 24. Be1 Nd8 25. a5 bxa5 26. bxa5
Nc6 27. a6 Nb6 28. a7 Na8 29. Rb1 Kf8 30. Nd4 Nxd4 31. Rb8+ Ke7 32. exd4 Rc1
33. Kf1 h5 34. Ke2 Ra1 35. Bb4+ Kd7 36. Rxa8 Kc7 37. Bc5 e5 38. Rf8 exd4 39.
Bxd4 Ra2+ 40. Ke1 f5 41. h4 g6 42. a8=Q Rxa8 43. Rxa8 Kd7 44. Ra6 f4 45. Rxg6
Ke7 46. Ke2 Kd7 47. Rh6 Kc7 48. Kf3 Kb7 49. Rxh5 Kc6 50. Rxd5 Kxd5 51. h5 Kxd4
52. Kxf4 Kd3 53. h6 Kd4 54. h7 Kc5 55. Ke4 Kc6 56. h8=Q Kc5 57. Qe8 Kd6 58. Kd4
Kc7 59. Kc5 Kb7 60. Qd8 Ka7 61. Kc6 Ka6 62. Qa8# {Hossa checkmated} 1-0

[Event "ICS rated blitz match"]
[Site "204.178.125.65"]
[Date "1999.11.12"]
[Round "?"]
[White "Hossa"]
[Black "Jammo"]
[Result "1-0"]
[WhiteElo "2427"]
[BlackElo "2068"]
[PlyCount "51"]
[EventDate "1999.??.??"]

1. d4 d5 2. Nf3 Bf5 3. c4 dxc4 4. Nc3 Nf6 5. e3 e6 6. Bxc4 Be7 7. O-O O-O 8.
Re1 Ne4 9. Nd2 Nd6 10. e4 Nxc4 11. Nxc4 Bg6 12. Ne5 Nd7 13. Nxg6 hxg6 14. Be3
c5 15. dxc5 Bxc5 16. Bxc5 Nxc5 17. Qg4 Qf6 18. Rad1 Rfd8 19. Qg3 Rxd1 20. Rxd1
e5 21. Rd5 Qb6 22. h3 f6 23. Qxg6 Ne6 24. Rd7 Rf8 25. Nd5 Nf4 26. Qxg7# {
Jammo checkmated} 1-0

[Event "ICS rated standard match"]
[Site "204.178.125.65"]
[Date "1999.11.13"]
[Round "?"]
[White "hnishy"]
[Black "Hossa"]
[Result "1-0"]
[WhiteElo "2236"]
[BlackElo "2371"]
[PlyCount "117"]
[EventDate "1999.??.??"]

1. e4 e5 2. c4 Nc6 3. Nc3 Nf6 4. d3 Bc5 5. g3 d6 6. Be3 Bxe3 7. fxe3 O-O 8. Qe2
Bg4 9. Nf3 Nd7 10. h3 Bxf3 11. Qxf3 Qg5 12. h4 Qg6 13. Bh3 Nb6 14. O-O-O Ne7
15. Bf5 Nxf5 16. exf5 Qh6 17. Kb1 Rfd8 18. g4 d5 19. cxd5 Qd6 20. Ne4 Qf8 21.
f6 Nxd5 22. g5 Rac8 23. h5 c6 24. a3 gxf6 25. Nxf6+ Nxf6 26. Qxf6 Qd6 27. Rhf1
Qxf6 28. Rxf6 Rd5 29. Kc2 Rcd8 30. e4 Rd4 31. Rf5 Re8 32. Rdf1 Re7 33. Rf6 Red7
34. R1f3 c5 35. b3 Kg7 36. Kc3 Kg8 37. R6f5 Re7 38. h6 a5 39. a4 Rd6 40. Rf6
Rd4 41. Rb6 Rb4 42. Rxb4 cxb4+ 43. Kc4 Rc7+ 44. Kd5 Rc3 45. Kxe5 Rxb3 46. Kf6
Rc3 47. Ke7 Rc6 48. Kd7 Rc5 49. d4 Rxg5 50. d5 Rg4 51. e5 Rg5 52. e6 Rxd5+ 53.
Ke7 f5 54. Rg3+ Kh8 55. Kf7 Rd8 56. e7 Re8 57. Kxe8 f4 58. Kf7 f3 59. e8=Q# {
Hossa checkmated} 1-0

[Event "ICS rated standard match"]
[Site "204.178.125.65"]
[Date "1999.11.13"]
[Round "?"]
[White "Hossa"]
[Black "janh"]
[Result "1-0"]
[WhiteElo "2349"]
[BlackElo "2161"]
[PlyCount "85"]
[EventDate "1999.??.??"]

1. d4 Nf6 2. Nf3 g6 3. g3 d5 4. Bg2 Bg7 5. O-O O-O 6. Bf4 c6 7. Re1 Qb6 8. b3
Ne4 9. c3 Bf5 10. e3 f6 11. Nh4 e5 12. Nxf5 gxf5 13. f3 Nd6 14. dxe5 fxe5 15.
Bg5 Nf7 16. Be7 Re8 17. Bh4 e4 18. a4 exf3 19. a5 f2+ 20. Kxf2 Qc5 21. b4 Qc4
22. Ra3 Ne5 23. Nd2 Qg4 24. Qb1 Nbd7 25. a6 bxa6 26. Kg1 Nb8 27. Qa2 Kh8 28. h3
Qh5 29. c4 Ng6 30. cxd5 Nxh4 31. gxh4 Qxh4 32. Qb1 cxd5 33. Bxd5 Rg8 34. Re2
Qh5 35. Rg2 Nd7 36. Bxa8 Rxa8 37. Qd3 Rd8 38. Rxa6 Qd1+ 39. Kf2 Qh5 40. Rxa7 f4
41. exf4 Bh6 42. Qd4+ Bg7 43. Qxg7# {janh checkmated} 1-0

[Event "ICS rated standard match"]
[Site "204.178.125.65"]
[Date "1999.11.13"]
[Round "?"]
[White "KevinInIndy"]
[Black "Hossa"]
[Result "1/2-1/2"]
[WhiteElo "2156"]
[BlackElo "2364"]
[PlyCount "64"]
[EventDate "1999.??.??"]

1. d4 Nf6 2. c4 g6 3. Nc3 Bg7 4. e4 d6 5. Nf3 c5 6. d5 O-O 7. Bd3 e5 8. Bg5 h6
9. Be3 Ng4 10. Qd2 f5 11. h3 Nxe3 12. Qxe3 fxe4 13. Bxe4 g5 14. O-O-O Nd7 15.
g4 b5 16. Nxb5 Nb6 17. Bd3 a6 18. Nc3 Ra7 19. Qe4 Bh8 20. h4 gxh4 21. Nxh4 Qg5+
22. Kb1 Rxf2 23. Nf5 Bxf5 24. gxf5 Rg7 25. a3 Qg2 26. Qh4 Rxb2+ 27. Ka1 Rb3 28.
Qd8+ Kf7 29. Qc7+ Ke8 30. Qb8+ Kf7 31. Qc7+ Ke8 32. Qb8+ 32... Kf7 {
Game drawn by mutual agreement} 1/2-1/2

[Event "ICS Rated blitz match"]
[Site "204.178.125.65"]
[Date "1999.11.13"]
[Round "?"]
[White "Amateur"]
[Black "Hossa"]
[Result "1-0"]
[WhiteElo "2437"]
[BlackElo "2431"]
[PlyCount "133"]
[EventDate "1999.??.??"]

1. e4 c5 2. Nf3 e6 3. d4 cxd4 4. Nxd4 Nf6 5. Nc3 d6 6. Be2 a6 7. O-O Be7 8. Qd3
Nc6 9. Nxc6 bxc6 10. Bf4 e5 11. Bg5 O-O 12. Rfd1 Rb8 13. Rab1 Ne8 14. Bxe7 Qxe7
15. Bf3 Qg5 16. Qc4 Bb7 17. Rd3 Kh8 18. Rf1 f5 19. b4 fxe4 20. Nxe4 Qg6 21. Ng3
d5 22. Qc5 Nd6 23. Bh5 Qe6 24. Rf3 Ra8 25. Ne2 Rxf3 26. Bxf3 Nc4 27. Bh5 Qf6
28. Ng3 Qg5 29. Be2 Na3 30. Qd6 Re8 31. f4 exf4 32. Bd3 Nb5 33. Qxf4 Qxf4 34.
Rxf4 Nd6 35. Kf2 g5 36. Rf6 Rd8 37. Rh6 Rd7 38. Bxh7 Rxh7 39. Rxd6 Rf7+ 40. Ke3
Kg7 41. Nh5+ Kh7 42. Nf6+ Kh8 43. Rd8+ Kg7 44. Ne8+ Kg6 45. Nd6 Re7+ 46. Kf3 c5
47. Nxb7 Rxb7 48. bxc5 Rb2 49. Rd6+ Kf7 50. Rxd5 Rxa2 51. Rxg5 Rxc2 52. h4 a5
53. Ke3 Rc3+ 54. Kd2 Ra3 55. c6 Ke6 56. Rc5 Rg3 57. c7 Rxg2+ 58. Kd3 Rg3+ 59.
Kc4 Rg4+ 60. Kb5 Kf7 61. c8=Q Rb4+ 62. Kxa5 Rf4 63. Qc7+ Kg8 64. Qxf4 Kg7 65.
Rc7+ Kg8 66. Qg4+ Kf8 67. Qc8# {Hossa checkmated} 1-0

[Event "ICS rated blitz match"]
[Site "204.178.125.65"]
[Date "1999.11.13"]
[Round "?"]
[White "Hossa"]
[Black "tchilton"]
[Result "1-0"]
[WhiteElo "2415"]
[BlackElo "1508"]
[Annotator "Hiarcs 7.32 (22s)"]
[PlyCount "38"]
[EventDate "1999.??.??"]

1. d4 1... Nf6 {Opening = A49 - 3.g3} 2. Nf3 g6 3. g3 Bg7 4. Bg2 c6 5. O-O O-O
6. Bf4 d5 7. Nbd2 (7. c3 Nbd7 8. Qc1 Re8 9. Re1 Nb6 10. Nbd2 Bg4 11. Ne5 Bf5
12. Ndf3 Ne4 13. Nh4 Bf6 14. Nd3 Nd6 15. Nc5 {
1/2-1/2 Norwood,D-Anand,V/Calcutta 1992/EXP 27 (15)}) 7... Nbd7 8. e3 $146 (8.
Ne5 Nh5 9. Nxd7 Bxd7 10. Be3 Qc8 11. Re1 e5 12. dxe5 Bxe5 13. c3 Qc7 14. Nf3
Bg7 15. Bd4 Nf6 16. Ne5 Rad8 17. Nd3 Rfe8 18. b4 b6 19. a4 Bf5 20. a5 b5 21. f3
Bxd3 22. exd3 22... Rxe1+ {Ros,A-Dongart,D/Copenhagen PC 1996/EXP 54/1-0 (44)})
8... Re8 9. c4 9... e6 $14 (9... dxc4 10. Nxc4 Nb6 11. Nce5 $11) 10. Qb3 Nh5
11. Bd6 11... Bf8 $16 (11... dxc4 12. Nxc4 Nb6 13. Bc5 Nxc4 14. Qxc4 $14) 12.
Bxf8 Rxf8 13. e4 dxc4 14. Nxc4 Qc7 15. Rac1 15... b5 $2 $18 (15... b6 $5 $16
$142) 16. Nce5 Nxe5 17. Nxe5 Bb7 (17... a6 18. Rxc6 Qa5 19. Qc3 Qxc3 20. Rxc3
$18) 18. Qxb5 cxb5 (18... Qb6 19. Qc5 19... Ba6 $18) 19. Rxc7 Rfc8 (19... Ba6
$18 {koennte noch eine geringe Chance darstellen}) 1-0

[Event "ICS rated standard match"]
[Site "204.178.125.65"]
[Date "1999.11.13"]
[Round "?"]
[White "Hossa"]
[Black "expert101"]
[Result "1/2-1/2"]
[WhiteElo "2360"]
[BlackElo "2070"]
[Annotator "Hiarcs 7.32 (22s)"]
[PlyCount "148"]
[EventDate "1999.??.??"]

1. d4 1... d5 {Opening = D18 - 6.e3(e6 7.Bc4 Bb4 8.00 00) 9.---} 2. Nf3 c6 3.
c4 Nf6 4. Nc3 dxc4 5. a4 Bf5 6. e3 e6 7. Bxc4 Nbd7 8. O-O Be7 9. Re1 (9. Qe2
Nb6 (9... Ne4 10. Bd3 Nxc3 11. bxc3 Bxd3 12. Qxd3 c5 13. e4 O-O 14. Bf4 Rc8 15.
Qb5 b6 16. Rad1 Qe8 17. d5 exd5 18. exd5 Qd8 19. c4 Re8 20. Rfe1 Bf8 21. Rxe8
Qxe8 22. Re1 Qd8 23. Qa6 Ra8 24. Qb7 {
Gallego,V-Garcia,F/ESP-chT 1995/EXP 50/1-0 (40)}) 10. Bd3 10... Ne4 {
1/2-1/2 Vasiljevic,B-Rosic,S/Tuzla 1989/EXT 89 (10)}) 9... Ne4 10. Nxe4 $146 (
10. Bd3 Bb4 11. Nxe4 Bxe1 12. Nd6+ Ke7 13. Nxf5+ exf5 14. Qxe1 a5 15. b3 g6 16.
e4 fxe4 17. Qxe4+ Kf8 18. Bh6+ Kg8 19. Re1 Nf8 20. Qe5 Ne6 21. Bc4 Qc8 22. Qxe6
{1-0 Teizer,W-Werner,A/Kehl AT4 1989/GER 04 (22)}) 10... Bxe4 11. Bd2 O-O 12.
Bc3 Nb6 13. Bd3 Bxd3 14. Qxd3 Nd5 15. e4 Nxc3 16. bxc3 {Ueberdeckt b4} 16...
Qa5 17. Reb1 Rab8 18. Ne5 Rfd8 19. Qg3 Bd6 20. f4 Bxe5 21. fxe5 {
Weiss engt den Gegner ein} 21... Rd7 22. Qf3 Rbd8 23. Kh1 $15 (23. Rb2 Qa6 24.
Rd2 24... b6 $11) 23... a6 24. Rf1 h6 25. Ra2 $17 (25. h3 $5 $15) 25... b5 26.
Rb2 26... Qxa4 {Der Freibauer a6 fuehrt schnell zu Drohungen} 27. Rbb1 Qa5 28.
Ra1 Qb6 29. Qf4 29... a5 {Will b4 spielen} 30. Rf3 b4 31. Rg3 31... Kh7 {
Schwarz geht zum Angriff ueber} 32. Qg4 {Es droht Matt} 32... g6 $17 (32... Rg8
33. Rb1 $19) 33. Rb1 $19 (33. Rf1 $5 33... Rg8 34. Rb1 $19) 33... b3 34. Qf4
34... Rh8 $17 (34... c5 35. c4 a4 36. d5 $19) 35. Rh3 {Mit der Mattdrohung Qxh6
} 35... Kg8 36. Qf2 $19 (36. Qf6 a4 37. Rg3 37... c5 $19) 36... a4 37. Rf3
37... a3 {Jetzt haengt b2 in der Luft} 38. Rf1 $2 (38. g4 $19) 38... Rh7 39.
Qe1 (39. c4 {bot noch bessere Widerstandsmoeglichkeiten} 39... b2 $1 {
logisch und kraftvoll} 40. Rxa3 $19) 39... b2 $1 {das wars} 40. Qb1 (40. Rd3 a2
41. Rd1 41... Rb7 $19) 40... Ra7 41. Qa2 c5 (41... Rb7 $142 {
liesse Weiss keine Chance} 42. Rb1 Qb3 43. Qxb3 43... Rxb3 $19) 42. Rd1 (42.
Rb1 cxd4 43. cxd4 Qxd4 44. Rb3 $19) 42... cxd4 (42... Rb7 $142 {
und Schwarz ist direkt am Ziel} 43. Rff1 cxd4 44. Qxa3 dxc3 45. Qxc3 b1=Q 46.
Qc8+ Kg7 47. Qxb7 Qxb7 48. Rxb1 48... Qxe4 $19) 43. cxd4 Kg7 (43... Rb7 $5 {
laesst dem Gegner kaum Chancen} 44. Rb1 Qxd4 45. Qxa3 Qxe5 46. Rb3 Qxe4 47.
Qxb2 Rxb3 48. Qxb3 $19) 44. Rb3 (44. d5 44... Rh8 $1 $19 {kraeftig gespielt})
44... Qa6 45. Re3 (45. Rb1 45... Rh8 $1 {entscheidend} 46. Rc3 Rc8 47. Rxc8
47... Qxc8 $19) 45... Rh8 46. d5 (46. Ree1 46... Rc8 $1 {huebsch} 47. Rb1 $19)
46... Rc8 47. Rb1 (47. h4 {haette noch versucht werden koennen} 47... Rc1 48.
Ree1 $19) 47... Rc1+ (47... Qc4 $142 {und Schwarz haette es noch leichter} 48.
Qxc4 Rxc4 49. Ree1 $19) 48. Re1 Qc4 49. Qxc4 Rxc4 50. g4 a2 (50... Rc2 $142 {
und nichts geht mehr} 51. Ra1 $19) 51. Rxb2 51... a1=Q {Droht Matt: Qxe1} 52.
Rxa1 Rxa1+ 53. Kg2 Rxe4 54. dxe6 Rxe5 (54... fxe6 $5 {
erleichterte Schwarz die Gewinnfuehrung} 55. Rb7+ Kf8 56. Rb8+ Ke7 57. Rb7+ Ke8
58. Rb8+ Kd7 59. Kf3 Rxe5 60. Rb3 $19) 55. exf7 Kxf7 56. h4 Rae1 57. Kf2 (57.
Rb7+ Re7 58. Rb3 R1e3 59. Rxe3 59... Rxe3 $19) 57... Rh1 $1 {
ganz unerschrocken. Es droht Matt} 58. Kg3 g5 (58... Re3+ 59. Kf2 Rh2+ 60. Kxe3
Rxb2 61. Ke4 $19) 59. hxg5 hxg5 60. Rb7+ Ke6 61. Rb6+ Kd5 62. Rb5+ 62... Ke4 {
Droht Matt} 63. Rb4+ Kd3 64. Rb3+ 64... Kc4 {Mit der Mattdrohung Kxb3} 65. Rb7
(65. Ra3 {aendert nichts am Ausgang der Partie} 65... Rb5 66. Ra4+ 66... Kd5
$19) 65... Re3+ 66. Kf2 66... Rb3 $1 {zwingend und schoen. Droht Matt: Rxb7}
67. Rc7+ Kd5 68. Rd7+ (68. Kg2 {macht keinen grossen Unterschied} 68... Rhb1
$19) 68... Ke6 {Droht Matt} 69. Rd8 Rh2+ 70. Kg1 70... Ra2 {Es droht Matt} 71.
Re8+ Kf7 72. Re1 Rg3+ 73. Kh1 Rxg4 74. Re7+ $5 74... Kxe7 1/2-1/2